000
00316nam a22001337a 4500
008
171003b xxu||||| |||| 00| 0 eng d
020
_a
0130414271
041
_a
eng
080
_2
3RD
_a
159.9
100
_a
48
101
_a
PSI
245
_a
APPLIED PSYCHOLOGY IN PERSONNEL MANAGEMENT
_c
CASCIO,W.F
942
_2
udc
_c
BK
999
_c
31280
_d
31280